Reseña biográfica del M. R. P. Fr. Gil González de San Nicolás de Avila
保存先:
| 第一著者: | |
|---|---|
| フォーマット: | 図書 |
| 言語: | スペイン語 |
| 出版事項: |
Santiago
Imprenta Mejía
1897
|
| 版: | 1a. ed |
| 主題: | |
| タグ: |
タグ追加
タグなし, このレコードへの初めてのタグを付けませんか!
|
MARC
| LEADER | 00000nam a2200000 a 4500 | ||
|---|---|---|---|
| 001 | UCJ4213 | ||
| 003 | CL-VaPUC | ||
| 008 | 070124e18970000CL |||||||||||||||||spa|d | ||
| 082 | 0 | 4 | |a 922 |b GON |2 21 |
| 100 | 0 | |a Ghigliazza O. P., Fray Raimundo |e author |9 507440 | |
| 245 | 1 | 0 | |a Reseña biográfica del M. R. P. Fr. Gil González de San Nicolás de Avila |
| 250 | |a 1a. ed | ||
| 300 | |a 221 p | ||
| 942 | |c BK | ||
| 945 | |d 20070124 00:00:00 |a rinostro | ||
| 260 | |a Santiago |b Imprenta Mejía |c 1897 | ||
| 600 | 0 | 7 | |a GONZALEZ DE SAN NICOLAS DE AVILA, GIL |2 CL-VaPUC |9 507441 |
| 650 | 7 | |a BIOGRAFIA |2 CL-VaPUC |9 504622 | |
| 650 | 0 | |a Misioneros |9 324171 | |
| 650 | 7 | |a DESCUBRIMIENTO Y CONQUISTA |2 CL-VaPUC |9 268482 | |
| 650 | 0 | |a Guerra de Arauco |9 267618 | |
| 650 | 7 | |a DOCUMENTOS |2 CL-VaPUC |9 366450 | |
| 650 | 0 | |a Órdenes religiosas |9 257499 | |
| 583 | |a last modification |c 20070124 00:00:00 |k Rodrigo Vera | ||
| 999 | |c 320330 |d 320328 | ||
| 952 | |0 0 |1 0 |4 0 |6 922_000000000000000_GON_1897 |7 0 |8 X |9 398833 |a FDOBUD |b FDOBUD |d 2019-11-22 |i 101532K |o 922 GON 1897 |p 101532K |r 2019-11-22 |w 2019-11-22 |y BK_X |k BUD | ||